000 00639nam a2200181Ia 4500
003 OSt
005 20240713095018.0
008 210210b1950 xxu||||| |||| 00| 0 eng d
040 _cAL
041 _aKannada
082 _a859/536
100 _aJAYALAKSHMI SHRINIVASAN (R) ಜಯಲಕ್ಷ್ಮಿ ಶ್ರೀನಿವಾಸನ್ ಆರ್
_9173420
245 _aSundariya hambalu mattu itara kathegalu
_bಸುಂದರಿಯ ಹಂಬಲು ಮತ್ತು ಇತರ ಕಥೆಗಳು
260 _aBengaluru
_bSatyashodhana Prakatana Mandira
_c1950
690 _aKannada Fiction
_9173421
906 _a021396
942 _2ddc
_cBK
999 _c145478
_d145478